| 000 | 00809nam a22002417a 4500 | ||
|---|---|---|---|
| 999 |
_c17127 _d17127 |
||
| 003 | OSt | ||
| 005 | 20190523120447.0 | ||
| 008 | 181115b ||||| |||| 00| 0 eng d | ||
| 020 | _a1853392650 | ||
| 040 | _aSEKU | ||
| 050 |
_aHE 199 .A2 _bD4 |
||
| 100 | _aDennis, Ron. | ||
| 245 |
_aLow-cost load-carrying devices : _bthe design and manufacture of some basic means of transport / _cRon Dennis and Alan Smith. |
||
| 260 |
_aLondon : _bIntermediate Technology Publications Ltd, _c1995. |
||
| 300 |
_a180 p. : _bill. ; |
||
| 504 | _aIncludes bibliographical references. | ||
| 650 |
_aAppropriate technology _xVehicles Design and construction |
||
| 650 |
_aContainers _xDesign and construction |
||
| 650 | _aVehicles | ||
| 650 | _aAgricultural engineering | ||
| 700 | _aSmith, Alan. | ||
| 942 |
_2lcc _cGEN |
||